| 000 | 00770nam a22002417i 4500 | ||
|---|---|---|---|
| 005 | 20251001091325.0 | ||
| 008 | 180427s2000 ph ||||| |||| 00| 0 eng d | ||
| 020 | _a971232978x | ||
| 040 |
_beng _erda _cURS |
||
| 050 | 1 | 4 |
_aKF5625.5 _b.T6364 2000 |
| 100 | 1 |
_aTorres, Justo P., Jr. _dauthor |
|
| 245 | 1 | 0 |
_aThe law on business organizations : _bpartnerships & corporations / _cJusto P. Torres, Jr. |
| 250 | _a2000 edition | ||
| 264 | 1 |
_aManila : _bRex Book Store, _c[date of publication not identified]. |
|
| 264 | 4 | _c©2000 | |
| 300 |
_axxxi, 367 pages : _c22 cm |
||
| 336 |
_2rdacontent _atext |
||
| 337 |
_2rdamedia _aunmediated |
||
| 338 |
_2rdacarrier _avolume |
||
| 650 | 0 |
_aPartnership _zPhilippines |
|
| 650 | 0 |
_aCorporation law _zPhilippines |
|
| 942 |
_2lcc _cF |
||
| 999 |
_c8271 _d8271 |
||